| 000 | 00605nam a2200193 i 4500 | ||
|---|---|---|---|
| 001 | bg | ||
| 245 | 0 | 0 |
_aKoncentraty spożywcze : _bowoce i warzywa : zestaw norm. |
| 260 |
_aWarszawa : _bAlfa-Wero, _c1998. |
||
| 300 |
_awiele liczb. ca [80] s. ; _c30 cm. |
||
| 650 | 9 |
_aOwoce _xkonserwacja _xnormalizacja |
|
| 650 | 9 |
_aWarzywa _xkonserwacja _xnormalizacja |
|
| 650 | 9 |
_aKoncentraty spożywcze _xnormalizacja |
|
| 040 | _cBPK | ||
| 041 | 0 | _apl | |
| 080 | _a634+635:664.84/.85](083.74) | ||
| 942 | _cKA | ||
| 008 | s pl f |000 0 pol | ||
| 999 |
_c34993 _d34993 |
||
| 856 |
_uhttp://koha.tu.koszalin.pl/cgi-bin/koha/opac-detail.pl?biblionumber=34993 _yKatalog online BPK |
||